Firearms general knowledge Quiz Stats

 Plays Quiz not verified by Sporcle

Challenge
Share
Tweet
Embed
Score 0/19 Timer 20:00
0 Plays Today
Hint Answer % Correct
Name the caliber in which the beretta M92 is chambered9x19mm
85.9%
Most common firearm in the worldAK-47
82.2%
What is the standard capacity of a STANAG magazine?30 rounds
73.3%
What intermediate caliber is used by NATO rifles?5.56x45mm NATO
73.3%
Country with greatest gun ownership per capita?USA
71.2%
Which country sends astronauts into space with guns in order to protect them from bears incase they land off course?Russia
69.2%
Which rifle was the main battle rifle of the United States during the Second World War?M1 Garand
67%
Country of origin of FS2000?Belgium
64.4%
What model Glock has been adopted as the NATO standard? 17
60.4%
The M3 submachine gun was adopted by the US during WWII, it was cheaper to produce than the Thompson. However what was its nickname? Grease gun
58.8%
Hint Answer % Correct
What rifle is commonly referred to as the first assault rifle?StG 44
53.4%
What does the AR in AR-15 stand for?Armalite Rifle
52.9%
What does BMG stand for when referring to .50 BMGBrowning machine gun
47.1%
What year was the 30-06 cartridge adopted by the US military?1906
46.6%
How many rounds per minute can a standard M16 or M4 rifle fire?700 rounds per minute
40.8%
Only country with a firearm on its flagMozambique
39.8%
With what caliber did Corporal of Horse Craig Harrison make the worlds furthest confirmed kill at 2,475 meters?.338 lapua magnum
33.5%
What year was the Krag–Jørgensen rifle designed?1886
25.1%
The media claimed the Orlando shooter used an AR-15 however, this was false the shooter actually used?Sig Sauer MCX
19.9%

You're not logged in!

Compare scores with friends on all Sporcle quizzes.
Join for Free
OR
Log In

You Might Also Like...

Show Comments

Extras

Created Jul 12, 2016ReportFavoriteNominate
Tags:bullet, firearm, gun

Top Quizzes Today


Score Distribution

Your Account Isn't Verified!

In order to create a playlist on Sporcle, you need to verify the email address you used during registration. Go to your Sporcle Settings to finish the process.

Report this User

Report this user for behavior that violates our Community Guidelines.

Details: